| Tag |
First Indicator |
Second Indicator |
Subfields |
| LEADER |
00000cam a2200000 4500 |
| 001 |
in00000481908 |
| 005 |
20151013052538.0 |
| 008 |
740912s1973 gw 00110 ger |
| 010 |
|
|
|a 73357359
|
| 020 |
|
|
|a 347261126X
|
| 035 |
|
|
|a (OCoLC)01005176
|
| 035 |
|
|
|9 ACB5938AM
|
| 040 |
|
|
|c OSU
|d TXA
|d UtOrBLW
|
| 049 |
|
|
|a TXAM
|c [958657]
|
| 050 |
0 |
0 |
|a PT2625.A95
|b T6 1973
|
| 100 |
1 |
|
|a Mayröcker, Friederike,
|d 1924-
|
| 245 |
1 |
0 |
|a Tod durch Musen :
|b poetische Texte mit einem Nachwort von Eugen Gomringer.
|
| 264 |
|
1 |
|a [Darmstadt] :
|b Luchterhand,
|c [1973]
|
| 300 |
|
|
|a 198 pages ;
|c 18 cm.
|
| 336 |
|
|
|a text
|b txt
|2 rdacontent
|
| 337 |
|
|
|a unmediated
|b n
|2 rdamedia
|
| 338 |
|
|
|a volume
|b nc
|2 rdacarrier
|
| 490 |
0 |
|
|a Sammlung Luchterhand, 126
|
| 999 |
|
|
|a MARS
|
| 999 |
f |
f |
|s 4a15133f-6a01-37d4-9884-c60b56166fd5
|i a392b8d9-b502-36a3-a243-8f368c3052e1
|t 0
|
| 952 |
f |
f |
|p ric
|a Texas A&M University
|b Rellis Campus
|c Joint Library Facility
|d Remote Storage
|t 0
|e PT2625.A95 T6 1973
|h Library of Congress classification
|i unmediated -- volume
|m A14804173381
|
| 998 |
f |
f |
|a PT2625.A95 T6 1973
|t 0
|l Remote Storage
|